| 000 | 00592nam a2200181 i 4500 | ||
|---|---|---|---|
| 001 | 165841 | ||
| 003 | ES-MaACL | ||
| 005 | 20230906213220.0 | ||
| 008 | 931025s1923 sp |||| | spa d | ||
| 040 |
_aAS _bspa _cPAB |
||
| 100 | 1 |
_aSuárez, Constantino. _9108549 |
|
| 245 | 1 | 0 |
_aGalicia, la columniada _b: (impresiones de un viaje por Galicia, guia espiritual del viajero) / _cEspañolito. |
| 250 | _a2º ed. | ||
| 260 |
_aMadrid : _bs.n.], _cs.a.] ( _fRivadeneyra) |
||
| 300 |
_a318 p. ; _c18 cm. |
||
| 596 | 1 | _aPrólogo fechado en Madrid 1923. | |
| 852 |
_aES-MaACL _jF-1046 _z-- Rust. |
||
| 999 |
_c165841 _d165841 |
||